| 000 | 00000nam 2200000zi 4500 |
| 001 | 9.936801 |
| 003 | CaOODSP |
| 005 | 20250109150416 |
| 006 | m o d f |
| 007 | cr |n||||||||| |
| 008 | 240321e199311##onc ob f|0| 0 eng d |
| 040 | |aCaOODSP|beng|erda|cCaOODSP |
| 043 | |an-cn--- |
| 086 | 1 |aEn4-710/1993E-PDF |
| 100 | 1 |aVersteeg, Hajo, |eauthor. |
| 245 | 10|aExamining the current and proposed potential of the Canadian Environmental Protection Act to incorporate pollution prevention principles and strategies : |bfinal report / |cprepared by Hajo Versteeg. |
| 246 | 17|aExamining the current and proposed potential of CEPA to incorporate pollution prevention principles and strategies |
| 264 | 1|a[Ottawa] : |bEnvironment Canada, |cNovember 1993. |
| 300 | |a1 online resource (95 pages) |
| 336 | |atext|btxt|2rdacontent |
| 337 | |acomputer|bc|2rdamedia |
| 338 | |aonline resource|bcr|2rdacarrier |
| 500 | |aDigitized edition from print [produced by Environment and Climate Change Canada]. |
| 504 | |aIncludes bibliographical references. |
| 650 | 0|aPollution prevention|xLaw and legislation|zCanada. |
| 650 | 6|aPollution|xPrévention|xDroit|zCanada. |
| 710 | 1 |aCanada. |bEnvironment Canada, |eissuing body. |
| 856 | 40|qPDF|s4.04 MB|uhttps://publications.gc.ca/collections/collection_2025/eccc/en4/En4-710-1993-eng.pdf |